Statistics for What's that State Abbreviation?

Click here to take the quiz!

General Stats

  • This quiz has been taken 25 times
  • The average score is 14 of 15

Answer Stats

QuestionAnswer% Correct
ArizonaAZ
100%
OklahomaOK
100%
TexasTX
100%
WyomingWY
100%
MaineME
96%
VirginiaVA
96%
ConnecticutCT
91%
GeorgiaGA
91%
KentuckyKY
91%
MarylandMD
91%
MississippiMS
91%
PennsylvaniaPA
91%
MissouriMO
87%
AlaskaAK
83%
IowaIA
74%

Score Distribution

Percentile by Number Answered

Percent of People with Each Score

Your Score History

You have not taken this quiz